| 000 | 00349nam a22001457a 4500 | ||
|---|---|---|---|
| 082 |
_a553.8 _bHAL |
||
| 100 | _aHall, Cally | ||
| 245 |
_aGemstones/ _cCally Hall, |
||
| 260 |
_aLondon, _bDorling Kindersley, _c2000. |
||
| 300 | _a160p. | ||
| 563 | _aPB | ||
| 650 |
_aPrecious stones _9118562 |
||
| 650 |
_aMinerals _966592 |
||
| 942 |
_2ddc _cBK |
||
| 999 |
_c606772 _d606772 |
||